Измерительная установка для исследования вихретоковых преобразователей; Измерение, контроль, информатизация

Détails bibliographiques
Parent link:Измерение, контроль, информатизация.— 2000.— С. 153-158
Auteur principal: Гольдштейн А. Е. Александр Ефремович
Autres auteurs: Берентаев Б. М., Ефременко Ю. Ю.
Résumé:В фонде НТБ ТПУ отсутствует
Langue:russe
Publié: 2000
Sujets:
Format: Chapitre de livre
KOHA link:https://koha.lib.tpu.ru/cgi-bin/koha/opac-detail.pl?biblionumber=600784

MARC

LEADER 00000naa0a2200000 4500
001 600784
005 20250818135612.0
035 |a (RuTPU)RU\TPU\tpu\25323 
035 |a RU\TPU\tpu\25321 
090 |a 600784 
100 |a 20140622d2000 k y0rusy50 ca 
101 0 |a rus 
102 |a RU 
200 1 |a Измерительная установка для исследования вихретоковых преобразователей  |f А. Е. Гольдштейн, Б. М. Берентаев, Ю. Ю. Ефременко 
333 |a В фонде НТБ ТПУ отсутствует 
463 |t Измерение, контроль, информатизация  |o материалы международной научно-технической конференции (г. Барнаул, 16-18 мая 2000 г.)  |v С. 153-158  |d 2000 
610 1 |a труды учёных ТПУ 
700 1 |a Гольдштейн  |b А. Е.  |c специалист в области неразрушающего контроля  |c профессор Томского политехнического университета, доктор технических наук  |f 1954-  |g Александр Ефремович  |3 (RuTPU)RU\TPU\pers\26406  |9 12110 
701 1 |a Берентаев  |b Б. М. 
701 1 |a Ефременко  |b Ю. Ю. 
801 1 |a RU  |b 63413507  |c 20140622 
801 2 |a RU  |b 63413507  |c 20140622  |g RCR 
942 |c BK